| 000 | 00965 a2200289 4500 | ||
|---|---|---|---|
| 001 | 78031 | ||
| 003 | TR-AnTOB | ||
| 005 | 20240806130347.0 | ||
| 008 | 100824s2009 tu 000 0 | ||
| 040 |
_aTR-AnTOB _cTR-AnTOB |
||
| 041 | _aeng | ||
| 050 | 1 | 4 |
_aDR479.B67 _bE37 2009 |
| 090 | _aDR479.B67 E37 2009 | ||
| 245 | 0 |
_aEast-west relations : _bTurkish and Bosnian perspectives / _ceditors Ramazan Gözen,Mehmet Bulut,Elif Nuroğlu. |
|
| 264 | 1 |
_aSarajevo : _bInternational University of Sarajevo, _c2009. |
|
| 300 |
_aiv, 296 p. : _btables, graphs. |
||
| 590 | _aDoç.Dr. Bülent ARI tarafından bağışlanmıştır. | ||
| 651 | 0 |
_aTurkey _xRelations _zBosnia and Herzegovina _963523 |
|
| 651 | 0 |
_aBosnia and Herzegovina _xRelations _zTurkey _963524 |
|
| 651 | 0 |
_aTürkiye _xİlişkiler _zBosna-Hersek _963525 |
|
| 651 | 0 |
_aBosna-Hersek _xİlişkiler _zTürkiye _963526 |
|
| 902 | _a32077 | ||
| 903 | _aMerkez Kütüphane | ||
| 942 |
_cBK _2lcc |
||
| 945 | _aM81 | ||
| 999 |
_c78031 _d28816 |
||